00417nam a2200181Ia 4500008004100000020001800041050001400059100002100073245001900094245002100113260001500134260001600149260000900165300001600174300002700190300001000217500000800227170918s9999 xx 000 0 und d a9780590485654 bB369 1962 aBeatty, Patricia aBonanza girl / cPatricia Beatty. aNew York : bScholastic, c1962 a210 pages : bcolored illustration ; c19cm. a920